| 000 | 00440 a2200157 4500 | ||
|---|---|---|---|
| 020 | _a9781441945655 | ||
| 082 | _a621.3822 | ||
| 090 |
_c7145 _d7145 |
||
| 100 | _aLevy, Bernard C | ||
| 245 |
_aPrinciples of signal detection and parameter estimation _cBernard C, Levy |
||
| 260 |
_aNew York _bSpringer _c2010 |
||
| 300 | _a639 p. | ||
| 650 | _aParameter estimation--Signal detection | ||
| 700 | _aBernard C, Levy | ||
| 942 |
_cBK _k621.3822 LEV |
||
| 999 |
_c10949 _d10949 |
||